000 00819 a2200205 4500
005 20080912160345.0
008 080912t xxu||||| |||| 00| 0 eng d
010 _aENG-87765
020 _c150.00
035 _aEN-71298
037 _bD.B.Act / Pub
082 _a658.8342
100 _aSontakki, C. N.
245 _aConsumer behaviour
_cby C. N. Sontakki
260 _aMumbai
_bHimalaya Publishing House
_c2006
270 _a"Ramdoot", Dr. Bhalerao Marg, (Kelewadi), Girgaon
_bMumbai
_e400 004
_k022-23860170, 022-23863863
_mhimpub@vsnl.com
300 _a315 p.
_c24 cm. (Pbk)
942 _adpl
_cEN
_k658.8342 / SON
_2ddc
_h658.8342
_mSON
999 _c6914
_d6914